[Event "FRA-chT1B 0809"]
[Site "France"]
[Date "2008.11.23"]
[Round "3.8"]
[White "Mousset Evtouchenko, Nina"]
[Black "Boulan, Laura"]
[Result "0-1"]
[WhiteElo "1794"]
[BlackElo "1999"]
[PlyCount "116"]
[EventDate "2008.10.19"]
[EventType "team-tourn"]
[EventRounds "11"]
[EventCountry "FRA"]
[SourceTitle "EXT 2010"]
[Source "ChessBase"]
[SourceDate "2010.11.25"]
[SourceVersion "1"]
[SourceVersionDate "2010.11.25"]
[SourceQuality "1"]
[WhiteTeam "Club 608"]
[BlackTeam "Migne Auxances"]
[WhiteTeamCountry "FRA"]
[BlackTeamCountry "FRA"]

1. d4 d6 2. Nc3 e5 3. dxe5 dxe5 4. Qxd8+ Kxd8 5. e4 Be6 6. Be3 Nd7 7. 0-0-0 c6 8. Nf3 f6 9. Be2 Kc7 10. a3 Nh6 11. h3 Nf7 12. Rd2 Be7 13. Rhd1 Rhd8 14. Ne1 Nd6 15. b3 f5 16. f3 fxe4 17. fxe4 Nf7 18. Kb2 Bg5 19. Bxg5 Nxg5 20. h4 Nf7 21. g4 h6 22. Ng2 Nf6 23. Ne3 Rxd2 24. Rxd2 Rd8 25. Kc1 Rd7 26. Rxd7+ Kxd7 27. Kd2 g6 28. Kd3 Ke7 29. Na4 b6 30. c4 Nd6 31. Nc3 a5 32. h5 gxh5 33. gxh5 Bf7 34. Ng4 Nxg4 35. Bxg4 Ne8 36. Ne2 Nf6 37. Bf3 Bxh5 38. Ke3 Ke6 39. Ng3 Bxf3 40. Kxf3 b5 41. c5 b4 42. axb4 axb4 43. Ke3 h5 44. Nf5 Nd7 45. Ng7+ Kf7 46. Nxh5 Nxc5 47. Ng3 Nxb3 48. Nf1 Ke6 49. Kd3 Nc5+ 50. Ke3 Nb7 51. Kd3 Na5 52. Nd2 c5 53. Kc2 c4 54. Nb1 Kd6 55. Nd2 Kc5 56. Nf3 Nc6 57. Kb2 c3+ 58. Kc2 Nd4+ 0-1

[Event "FRA-chT1B 0809"]
[Site "France"]
[Date "2008.10.19"]
[Round "1.8"]
[White "Boulan, Laura"]
[Black "Marchais, Aurelie"]
[Result "1/2-1/2"]
[WhiteElo "1999"]
[BlackElo "1780"]
[PlyCount "151"]
[EventDate "2008.10.19"]
[EventType "team-tourn"]
[EventRounds "11"]
[EventCountry "FRA"]
[SourceTitle "EXT 2010"]
[Source "ChessBase"]
[SourceDate "2010.11.25"]
[SourceVersion "1"]
[SourceVersionDate "2010.11.25"]
[SourceQuality "1"]
[WhiteTeam "Migne Auxances"]
[BlackTeam "Niort"]
[WhiteTeamCountry "FRA"]
[BlackTeamCountry "FRA"]

1. e4 c6 2. d4 d5 3. e5 Bf5 4. Nf3 e6 5. Be2 Nd7 6. 0-0 Ne7 7. Nbd2 c5 8. c4 cxd4 9. Nxd4 Bg6 10. N2f3 a6 11. Qa4 dxc4 12. Qxc4 Rc8 13. Qa4 Nd5 14. Bg5 Be7 15. Bxe7 Qxe7 16. Rfc1 0-0 17. a3 Nc5 18. Qd1 Nf4 19. Qd2 Nxe2+ 20. Qxe2 Nd3 21. Rd1 Nf4 22. Qe3 Nd5 23. Qb3 Rc5 24. Rac1 Rfc8 25. Rxc5 Rxc5 26. h3 Qc7 27. Qa4 Qc8 28. Rd2 h6 29. Kh2 Kf8 30. Qb3 Qc7 31. g3 Rc1 32. Rd1 Rxd1 33. Qxd1 Qc4 34. Kg2 Be4 35. Kg1 Bg6 36. Qd2 Ke7 37. Qd1 Qd3 38. Qxd3 Bxd3 39. Nd2 f6 40. f4 Nb6 41. Kf2 Nc4 42. Nxc4 Bxc4 43. h4 g5 44. hxg5 hxg5 45. Kf3 Bd5+ 46. Kg4 gxf4 47. gxf4 fxe5 48. fxe5 b6 49. Kg5 Kf7 50. b4 a5 51. Ne2 Ke7 52. Nc3 axb4 53. axb4 Bc4 54. Na4 b5 55. Nc3 Kf7 56. Ne4 Ke7 57. Kf4 Kd7 58. Ke3 Kc6 59. Kd4 Bb3 60. Nf6 Bc4 61. Ke4 Kc7 62. Kf4 Kd8 63. Kg5 Ke7 64. Kg6 Bb3 65. Kg7 Bc2 66. Ng8+ Kd7 67. Kf6 Bd3 68. Kf7 Bf5 69. Nf6+ Kc6 70. Ke7 Bh3 71. Nh5 Kd5 72. Kf6 Bg4 73. Nf4+ Kc4 74. Nxe6 Kxb4 75. Nd4 Bc8 76. Nxb5 1/2-1/2

[Event "Maastricht Limburg op"]
[Site "Maastricht"]
[Date "2008.05.11"]
[Round "5"]
[White "Boulan, Laura"]
[Black "Taverniers, Peter"]
[Result "1-0"]
[WhiteElo "1921"]
[BlackElo "1810"]
[PlyCount "57"]
[EventDate "2008.05.09"]
[EventType "swiss"]
[EventRounds "7"]
[EventCountry "NED"]
[SourceTitle "EXT 2009"]
[Source "ChessBase"]
[SourceDate "2008.11.26"]
[SourceVersion "1"]
[SourceVersionDate "2008.11.26"]
[SourceQuality "1"]

1. e4 b6 2. d4 Bb7 3. Bd3 Nf6 4. f3 e6 5. Ne2 c5 6. c3 cxd4 7. cxd4 Ba6 8. 0-0 Bxd3 9. Qxd3 Be7 10. Nbc3 d5 11. e5 Nfd7 12. Be3 0-0 13. f4 g6 14. f5 exf5 15. Nxd5 Nc6 16. Bh6 Re8 17. Qg3 Bh4 18. Qf4 Nf8 19. Qf3 Ne6 20. Rad1 Rc8 21. Ndc3 Qc7 22. Qh3 Bg5 23. d5 Nxe5 24. dxe6 Bxh6 25. Qxh6 Ng4 26. Qf4 Qc5+ 27. Qd4 Qc7 28. exf7+ Kxf7 29. Qd7+ 1-0

[Event "Maastricht Limburg op"]
[Site "Maastricht"]
[Date "2008.05.10"]
[Round "3"]
[White "Boulan, Laura"]
[Black "Van Eijndhoven, Erik"]
[Result "0-1"]
[WhiteElo "1921"]
[BlackElo "2158"]
[PlyCount "96"]
[EventDate "2008.05.09"]
[EventType "swiss"]
[EventRounds "7"]
[EventCountry "NED"]
[SourceTitle "EXT 2009"]
[Source "ChessBase"]
[SourceDate "2008.11.26"]
[SourceVersion "1"]
[SourceVersionDate "2008.11.26"]
[SourceQuality "1"]

1. e4 e6 2. c3 d5 3. e5 c5 4. f4 Nc6 5. Nf3 Nh6 6. Na3 Nf5 7. Nc2 d4 8. Bd3 Be7 9. 0-0 Qb6 10. Kh1 Bd7 11. Qe2 0-0-0 12. b4 cxb4 13. cxb4 Nxb4 14. Rb1 Qa5 15. Nxb4 Bxb4 16. Bxf5 exf5 17. Qc4+ Bc5 18. Nxd4 Qc7 19. Nb5 Bxb5 20. Qxb5 Qb6 21. Rf3 Qxb5 22. Rxb5 b6 23. Rc3 Kd7 24. Rd3+ Ke7 25. Rbb3 Rxd3 26. Rxd3 Ke6 27. Bb2 Rc8 28. g3 Be7 29. Bc3 Rd8 30. Rxd8 Bxd8 31. Kg2 g6 32. Kf3 Kd5 33. Ke3 Be7 34. d4 Kc4 35. Bb2 h5 36. Ke2 b5 37. Kd2 a5 38. Kc2 b4 39. Kd2 a4 40. Ke3 Bd8 41. Ba1 Bb6 42. Bb2 a3 43. Ba1 Ba7 44. h3 Bb6 45. g4 hxg4 46. hxg4 fxg4 47. Ke4 g3 48. d5 g2 0-1

[Event "FRA-chT1A 0708"]
[Site "France"]
[Date "2008.04.06"]
[Round "11"]
[White "Griffe, Delphine"]
[Black "Boulan, Laura"]
[Result "0-1"]
[WhiteElo "1728"]
[BlackElo "1895"]
[PlyCount "82"]
[EventDate "2007.10.21"]
[EventType "team"]
[EventRounds "11"]
[EventCountry "FRA"]
[SourceTitle "EXT 2009"]
[Source "ChessBase"]
[SourceDate "2008.11.26"]
[SourceVersion "1"]
[SourceVersionDate "2008.11.26"]
[SourceQuality "1"]
[WhiteTeam "Chalons en Champagne"]
[BlackTeam "Migne Auxances"]
[WhiteTeamCountry "FRA"]
[BlackTeamCountry "FRA"]

1. e4 d6 2. d4 e5 3. dxe5 dxe5 4. Qxd8+ Kxd8 5. Bc4 Ke8 6. Nf3 f6 7. Nc3 c6 8. Be3 Nd7 9. 0-0 Bc5 10. Rfe1 Ne7 11. a3 Bxe3 12. Rxe3 Kd8 13. Rd1 Kc7 14. b4 a6 15. Red3 Ng6 16. Ne2 Nb6 17. Bb3 Bd7 18. Nd2 Rad8 19. Nb1 Bc8 20. a4 Rxd3 21. Rxd3 Rd8 22. Rxd8 Kxd8 23. a5 Na8 24. Nbc3 Ke7 25. Na4 Nc7 26. Nc5 Nb5 27. Kf1 Nf8 28. Nc1 Nd4 29. Ba4 Nfe6 30. N1d3 Nxc5 31. Nxc5 Ne6 32. Nd3 Kd6 33. c3 c5 34. Bb3 cxb4 35. cxb4 Bd7 36. Bc4 Nd4 37. Nc5 Bc6 38. f3 Nc2 39. Ke2 Nxb4 40. Nb3 Ba4 41. Kd2 Nc6 0-1

[Event "FRA-chT1A 0708"]
[Site "France"]
[Date "2008.02.09"]
[Round "6.8"]
[White "Boulan, Laura"]
[Black "Fruteau, Sabine"]
[Result "1-0"]
[WhiteElo "1895"]
[BlackElo "2162"]
[PlyCount "77"]
[EventDate "2007.10.21"]
[EventType "team"]
[EventRounds "11"]
[EventCountry "FRA"]
[SourceTitle "EXT 2009"]
[Source "ChessBase"]
[SourceDate "2008.11.26"]
[SourceVersion "1"]
[SourceVersionDate "2008.11.26"]
[SourceQuality "1"]
[WhiteTeam "Migne Auxances"]
[BlackTeam "Deauville"]
[WhiteTeamCountry "FRA"]
[BlackTeamCountry "FRA"]

1. e4 e5 2. Nf3 Nc6 3. Bc4 Bc5 4. c3 Nf6 5. d3 d6 6. 0-0 Bb6 7. Bb3 0-0 8. Nbd2 Ne7 9. Re1 Ng6 10. h3 c6 11. Nf1 Bc7 12. Ng3 h6 13. d4 Nf4 14. Be3 b6 15. Qd2 g5 16. Rad1 Qe7 17. Nh2 Kh8 18. Bc2 Rg8 19. Nf5 Bxf5 20. exf5 N6d5 21. dxe5 dxe5 22. Nf3 Nxe3 23. Qxe3 Nd5 24. Qe4 f6 25. Bb3 Rad8 26. Nd4 exd4 27. Qxe7 Nxe7 28. Rxe7 Rg7 29. Re6 Be5 30. Rxc6 d3 31. Re6 Rgd7 32. Kf1 b5 33. a4 b4 34. cxb4 Bxb2 35. b5 Rc7 36. Rc6 Rxc6 37. bxc6 d2 38. c7 Rc8 39. Rxd2 1-0

[Event "FRA-chT1A 0708"]
[Site "France"]
[Date "2007.11.25"]
[Round "3.8"]
[White "Marchais, Aurelie"]
[Black "Boulan, Laura"]
[Result "1/2-1/2"]
[WhiteElo "1777"]
[BlackElo "1895"]
[PlyCount "74"]
[EventDate "2007.10.21"]
[EventType "team"]
[EventRounds "11"]
[EventCountry "FRA"]
[SourceTitle "EXT 2009"]
[Source "ChessBase"]
[SourceDate "2008.11.26"]
[SourceVersion "1"]
[SourceVersionDate "2008.11.26"]
[SourceQuality "1"]
[WhiteTeam "Niort"]
[BlackTeam "Migne Auxances"]
[WhiteTeamCountry "FRA"]
[BlackTeamCountry "FRA"]

1. e4 e5 2. Nc3 Nf6 3. g3 d5 4. exd5 Nxd5 5. Bg2 Nxc3 6. bxc3 Bd6 7. Ne2 0-0 8. 0-0 c6 9. d3 Nd7 10. c4 Nc5 11. Nc3 Ne6 12. a4 Re8 13. Ne4 Bc7 14. Qh5 f6 15. Bd2 Nd4 16. Ra2 Be6 17. c3 Bf7 18. Qd1 Ne6 19. Be3 Bb6 20. Rb2 f5 21. c5 Bc7 22. Nd6 Bxd6 23. cxd6 Qxd6 24. Rxb7 f4 25. Bc1 Reb8 26. Rxb8+ Rxb8 27. Qf3 Be8 28. gxf4 exf4 29. Bh3 Ng5 30. Qg4 Nxh3+ 31. Qxh3 Bd7 32. Qf3 Rf8 33. Re1 Qg6+ 34. Kh1 c5 35. Qd5+ Rf7 36. Qa8+ Rf8 37. Qd5+ Rf7 1/2-1/2

[Event "FRA-chT1A 0607"]
[Site "France"]
[Date "2007.02.11"]
[Round "8.8"]
[White "Boulan, Laura"]
[Black "Baldi, Elise"]
[Result "1-0"]
[WhiteElo "1927"]
[BlackElo "1760"]
[PlyCount "49"]
[EventDate "2006.10.15"]
[EventType "team-tourn"]
[EventRounds "11"]
[EventCountry "FRA"]
[SourceTitle "EXT 2008"]
[Source "ChessBase"]
[SourceDate "2007.11.25"]
[SourceVersion "1"]
[SourceVersionDate "2007.11.25"]
[SourceQuality "1"]
[WhiteTeam "Migne Auxances"]
[BlackTeam "Issy les Moulineaux"]
[WhiteTeamCountry "FRA"]
[BlackTeamCountry "FRA"]

1. e4 d6 2. d4 Nf6 3. Nc3 g6 4. Nf3 Bg7 5. Be2 0-0 6. 0-0 Nbd7 7. e5 dxe5 8. dxe5 Ng4 9. e6 Nde5 10. exf7+ Nxf7 11. Bc4 Kh8 12. Qxd8 Nxd8 13. Re1 e6 14. Bg5 Nf7 15. Bf4 e5 16. Bg3 Bf5 17. h3 Ngh6 18. Nxe5 Nxe5 19. Rxe5 Bxc2 20. Re2 Bf5 21. Nb5 c6 22. Nd6 b6 23. Rae1 Bf6 24. Ne8 Ng8 25. Bd6 1-0

[Event "FRA-chT1A 0607"]
[Site "France"]
[Date "2007.02.11"]
[Round "11.8"]
[White "Swiercz, Sandra"]
[Black "Boulan, Laura"]
[Result "0-1"]
[WhiteElo "1945"]
[BlackElo "1927"]
[PlyCount "34"]
[EventDate "2006.10.15"]
[EventType "team-tourn"]
[EventRounds "11"]
[EventCountry "FRA"]
[SourceTitle "EXT 2008"]
[Source "ChessBase"]
[SourceDate "2007.11.25"]
[SourceVersion "1"]
[SourceVersionDate "2007.11.25"]
[SourceQuality "1"]
[WhiteTeam "Lille"]
[BlackTeam "Migne Auxances"]
[WhiteTeamCountry "FRA"]
[BlackTeamCountry "FRA"]

1. e4 e5 2. Nf3 Nc6 3. Bc4 Be7 4. c3 Nf6 5. d3 0-0 6. 0-0 d6 7. Bg5 Bg4 8. h3 Bh5 9. Nbd2 a6 10. a3 Qd7 11. Qc1 h6 12. Bh4 Nd8 13. Ne1 Be2 14. Nc2 Bxf1 15. Nxf1 Ne6 16. Nce3 Nf4 17. Nf5 Ne2+ 0-1

[Event "FRA-chT1A 0607"]
[Site "France"]
[Date "2007.02.10"]
[Round "7.8"]
[White "Le Diouron, Aurelie"]
[Black "Boulan, Laura"]
[Result "1-0"]
[WhiteElo "2005"]
[BlackElo "1927"]
[PlyCount "65"]
[EventDate "2006.10.15"]
[EventType "team-tourn"]
[EventRounds "11"]
[EventCountry "FRA"]
[SourceTitle "EXT 2008"]
[Source "ChessBase"]
[SourceDate "2007.11.25"]
[SourceVersion "1"]
[SourceVersionDate "2007.11.25"]
[SourceQuality "1"]
[WhiteTeam "Guingamp"]
[BlackTeam "Migne Auxances"]
[WhiteTeamCountry "FRA"]
[BlackTeamCountry "FRA"]

1. e4 e5 2. Nf3 Nc6 3. d4 exd4 4. Nxd4 d6 5. Nxc6 bxc6 6. Bc4 Nf6 7. Nc3 Be7 8. 0-0 0-0 9. Qe2 Nd7 10. f4 Bf6 11. Bd2 Re8 12. Qf3 Rb8 13. b3 Nc5 14. Rae1 Ne6 15. e5 d5 16. exf6 dxc4 17. Ne4 Nd4 18. Qg3 Nf5 19. Qf2 cxb3 20. Bc3 bxc2 21. fxg7 Re6 22. Qxc2 Ba6 23. Rd1 Qe7 24. Rfe1 Rxe4 25. Rxe4 Qc5+ 26. Kh1 Nd6 27. Re5 Qc4 28. Rde1 Qxf4 29. Rh5 f5 30. Be5 Qg4 31. Rh3 Ne4 32. a4 Rb7 33. Qa2+ 1-0

[Event "FRA-chT1A 0607"]
[Site "France"]
[Date "2006.12.06"]
[Round "4.8"]
[White "Boulan, Laura"]
[Black "Marchadour, Claire"]
[Result "0-1"]
[WhiteElo "1927"]
[BlackElo "2074"]
[PlyCount "94"]
[EventDate "2006.10.15"]
[EventType "team-tourn"]
[EventRounds "11"]
[EventCountry "FRA"]
[SourceTitle "EXT 2008"]
[Source "ChessBase"]
[SourceDate "2007.11.25"]
[SourceVersion "1"]
[SourceVersionDate "2007.11.25"]
[SourceQuality "1"]
[WhiteTeam "Migne Auxances"]
[BlackTeam "Nantes"]
[WhiteTeamCountry "FRA"]
[BlackTeamCountry "FRA"]

1. e4 c5 2. c3 d5 3. exd5 Qxd5 4. d4 g6 5. Nf3 Bg7 6. Na3 Bg4 7. Be2 cxd4 8. Nb5 Na6 9. Nbxd4 e5 10. h3 Bd7 11. Nc2 Qe6 12. 0-0 Ne7 13. Ne3 0-0 14. Bc4 Qc6 15. Qe2 b5 16. Bb3 Nc5 17. Bc2 f5 18. Rd1 Rad8 19. b4 Ne6 20. Bb3 Kh8 21. Nd5 Nxd5 22. Bxd5 Qxc3 23. Bb2 Nf4 24. Qd2 Qxd2 25. Rxd2 Bc8 26. Rad1 e4 27. Bxg7+ Kxg7 28. Ne5 Be6 29. Bc6 Rxd2 30. Rxd2 a6 31. a3 Bc8 32. h4 Ne6 33. Kf1 Rd8 34. Ke1 Rxd2 35. Kxd2 Nd8 36. Ke3 Kf6 37. Bd7 Bb7 38. Kd4 h6 39. g3 g5 40. hxg5+ hxg5 41. g4 f4 42. Bf5 Ne6+ 43. Bxe6 Kxe6 44. Ng6 e3 45. fxe3 f3 46. Kd3 Be4+ 47. Kxe4 f2 0-1